1000-7 - Statistiques

Statistiques générales
  • Ce quiz a été pris 22 fois
  • Le résultat moyen est 26 sur 143
Statistiques - réponses
Étape Nombre % Correct
0 1000
100%
1 993
95%
2 986
84%
3 979
68%
4 972
63%
6 958
58%
5 965
58%
8 944
53%
7 951
53%
10 930
47%
9 937
47%
11 923
42%
20 860
37%
19 867
37%
18 874
37%
17 881
37%
16 888
37%
14 902
37%
13 909
37%
12 916
37%
21 853
32%
15 895
32%
22 846
26%
37 741
21%
36 748
21%
35 755
21%
34 762
21%
33 769
21%
32 776
21%
31 783
21%
30 790
21%
29 797
21%
28 804
21%
27 811
21%
26 818
21%
25 825
21%
24 832
21%
23 839
21%
64 552
16%
63 559
16%
62 566
16%
61 573
16%
60 580
16%
59 587
16%
58 594
16%
57 601
16%
56 608
16%
55 615
16%
54 622
16%
53 629
16%
52 636
16%
51 643
16%
50 650
16%
49 657
16%
48 664
16%
47 671
16%
46 678
16%
45 685
16%
44 692
16%
43 699
16%
42 706
16%
41 713
16%
40 720
16%
39 727
16%
38 734
16%
117 181
11%
116 188
11%
115 195
11%
114 202
11%
113 209
11%
112 216
11%
111 223
11%
110 230
11%
109 237
11%
108 244
11%
107 251
11%
106 258
11%
105 265
11%
104 272
11%
103 279
11%
102 286
11%
101 293
11%
100 300
11%
99 307
11%
98 314
11%
97 321
11%
96 328
11%
95 335
11%
94 342
11%
93 349
11%
92 356
11%
91 363
11%
90 370
11%
89 377
11%
88 384
11%
87 391
11%
86 398
11%
85 405
11%
84 412
11%
83 419
11%
82 426
11%
81 433
11%
80 440
11%
79 447
11%
78 454
11%
77 461
11%
76 468
11%
75 475
11%
74 482
11%
73 489
11%
72 496
11%
71 503
11%
70 510
11%
69 517
11%
68 524
11%
67 531
11%
66 538
11%
65 545
11%
129 97
11%
128 104
5%
127 111
5%
126 118
5%
125 125
5%
141 13
5%
124 132
5%
123 139
5%
122 146
5%
121 153
5%
120 160
5%
119 167
5%
118 174
5%
140 20
5%
139 27
5%
138 34
5%
137 41
5%
136 48
5%
135 55
5%
142 6
5%
134 62
5%
133 69
5%
132 76
5%
131 83
5%
130 90
5%
Aucun quiz correspondant
Distribution des résultats
% des personnes avec chaque résultat
Percentile par nombre de réponses
Votre historique - résultats
Vous n’avez pas pris ce quiz